header

Romantic consciousness (Record no. 73278)

MARC details
000 -LEADER
fixed length control field 01427nam a2200337 a 4500
082 04 - DEWEY DECIMAL CLASSIFICATION NUMBER
Classification number 820.9/355
100 1# - MAIN ENTRY--AUTHOR NAME
Personal name Beer, John B.
245 10 - TITLE STATEMENT
Title Romantic consciousness
260 ## - PUBLICATION, DISTRIBUTION, ETC. (IMPRINT)
Place of publication Houndmills, Basingstoke, Hampshire ;
-- New York :
Name of publisher Palgrave Macmillan,
Year of publication c2003.
300 ## - PHYSICAL DESCRIPTION
Number of Pages xiii, 209 p. :
Other physical details ill.
650 #0 - SUBJECT ADDED ENTRY--TOPICAL TERM
Topical Term English literature
Topical Term Consciousness in literature.
Topical Term Romanticism
856 40 - ELECTRONIC LOCATION AND ACCESS
Uniform Resource Identifier http://site.ebrary.com/lib/rucke/Doc?id=10076911

No items available.

© 2026 Rongo University
Contact us: librarian | system librarian | Rongo university